Sports Quiz

Random Sports or Soccer Quiz

2012-13 UEFA Champions League Groups Quiz Stats

Quiz Updated Dec 23, 2012

Challenge
Share
Tweet
Embed
Score 0/32 Timer 05:00
3 Plays Today
Group Club % Correct
Group DReal Madrid
95.1%
Group GBarcelona
95%
Group DManchester City
93.7%
Group HManchester United
93.4%
Group EChelsea
93.3%
Group BArsenal
91.1%
Group FBayern Munich
87.6%
Group CAC Milan
85.8%
Group EJuventus
82.8%
Group DBorussia Dortmund
81.8%
Group AParis Saint-Germain
74.8%
Group DAjax
72.7%
Group APorto
68.6%
Group FValencia
65.9%
Group GCeltic
62%
Group GBenfica
60.1%
Group Club % Correct
Group BSchalke 04
54.1%
Group CZenit St. Petersburg
49.2%
Group HGalatasaray
45.7%
Group BOlympiacos
43.6%
Group FLille
41%
Group CMálaga
38.5%
Group ADynamo Kyiv
36.7%
Group EShakhtar Donetsk
36.6%
Group CAnderlecht
34.7%
Group BMontpellier
32.9%
Group GSpartak Moscow
32.6%
Group HBraga
30.1%
Group HCFR Cluj
29.4%
Group FBATE Borisov
25.7%
Group ADinamo Zagreb
21.7%
Group ENordsjælland
17.1%

You're not logged in!

Compare scores with friends on all Sporcle quizzes.
Join for Free
OR
Log In

You Might Also Like...

Show Comments

Extras

Top Quizzes Today


Score Distribution

Your Account Isn't Verified!

In order to create a playlist on Sporcle, you need to verify the email address you used during registration. Go to your Sporcle Settings to finish the process.

Report this User

Report this user for behavior that violates our Community Guidelines.

Details: